Levelezés Nagy-Rőcze, 1887. januárhó

Bibliographic Details
Main Author: Gaján, Viktor (Author)
Format: Article
Language:Hungarian
Slovak
Subjects:

MARC

LEADER 00000nab a2200000 a 4500
001 vtls000998868
003 SK-MaSNL
005 20260318122129.0
008 040720e18870000xo 0 hun
035 |a RVH1470 
040 |a RVGKPD  |b slo  |c RVGKPD  |e AACR2 
041 0 |a slo 
044 |a xo  |c SK 
080 |a 614.842.83  |2 1981 
100 1 |a Gaján, Viktor  |4 aut  |9 1566161 
245 1 0 |a Levelezés  |b Nagy-Rőcze, 1887. januárhó 
500 |a činnosť 
518 |a 1886 
650 0 7 |a dobrovoľné hasičské zbory  |2 RVGKPD  |9 75563 
651 7 |a Revúca (Slovensko)  |2 RVGKPD  |9 31503 
655 7 |a periodikum  |2 snkbucl  |9 29553 
773 0 8 |t Rozsnyói Hiradó  |g Roč. 10, č.6, 06.02.1887, s. 2, 3 
852 |a ZVYKNI  |b KIS3GCP 
999 |c 3191621  |d 3193551